Organizational Behaviour (Record no. 13915)

MARC details
000 -LEADER
fixed length control field 00434nam a22001817a 4500
003 - CONTROL NUMBER IDENTIFIER
control field OSt
008 - FIXED-LENGTH DATA ELEMENTS--GENERAL INFORMATION
fixed length control field 260424b |||||||| |||| 00| 0 eng d
020 ## - INTERNATIONAL STANDARD BOOK NUMBER
International Standard Book Number 9789350514641
082 ## - DEWEY DECIMAL CLASSIFICATION NUMBER
Classification number 658.3 RAO
100 ## - MAIN ENTRY--PERSONAL NAME
Personal name RAO, V.S.P.
245 ## - TITLE STATEMENT
Title Organizational Behaviour
250 ## - EDITION STATEMENT
Edition statement Reprint
260 ## - PUBLICATION, DISTRIBUTION, ETC. (IMPRINT)
Place of publication, distribution, etc Mumbai,
Name of publisher, distributor, etc Himalaya Publishing House,
Date of publication, distribution, etc 2025,
300 ## - PHYSICAL DESCRIPTION
Extent 380 p.
650 ## - SUBJECT ADDED ENTRY--TOPICAL TERM
Topical term or geographic name as entry element Commerce,
942 ## - ADDED ENTRY ELEMENTS (KOHA)
Source of classification or shelving scheme Dewey Decimal Classification
Koha item type Text Books
Holdings
Withdrawn status Lost status Source of classification or shelving scheme Damaged status Not for loan Collection code Home library Current library Date acquired Source of acquisition Currency Cost, normal purchase price Bill Number Total Checkouts Full call number Acc. no. / Barcode Date last seen Actual Cost, discounted price Bill Date Koha item type
    Dewey Decimal Classification     B.Com. Hons PIET NCR College Library PIET NCR College Library 21/04/2026 Zafaa Books & Distributers In Rupees 698.00 ZDB-2026-27-0022   658.3 RAO N4400 24/04/2026 506.05 21/04/2026 Reference Books
    Dewey Decimal Classification     B.Com. Hons PIET NCR College Library PIET NCR College Library 21/04/2026 Zafaa Books & Distributers In Rupees 698.00 ZDB-2026-27-0022   658.3 RAO N4401 24/04/2026 506.05 21/04/2026 Text Books
    Dewey Decimal Classification     B.Com. Hons PIET NCR College Library PIET NCR College Library 21/04/2026 Zafaa Books & Distributers In Rupees 698.00 ZDB-2026-27-0022   658.3 RAO N4402 24/04/2026 506.05 21/04/2026 Text Books
    Dewey Decimal Classification     B.Com. Hons PIET NCR College Library PIET NCR College Library 21/04/2026 Zafaa Books & Distributers In Rupees 698.00 ZDB-2026-27-0022   658.3 RAO N4403 24/04/2026 506.05 21/04/2026 Text Books
    Dewey Decimal Classification     B.Com. Hons PIET NCR College Library PIET NCR College Library 21/04/2026 Zafaa Books & Distributers In Rupees 698.00 ZDB-2026-27-0022   658.3 RAO N4404 24/04/2026 506.05 21/04/2026 Text Books

Design & Developed by: PIET Central Library
R70 Miles Stone Pattikalyana Samalkha Panipat 132102
mail ID :- [email protected], Phone No:- 0180-2569700 Ex.216